[Event "Fide Mercenarios 6th"]
[Site "Mexico City"]
[Date "1995.??.??"]
[Round "1"]
[White "Sorensen, J."]
[Black "Soto Franco, Carlos"]
[Result "1-0"]
[WhiteElo "2000"]
[BlackElo "2000"]
[PlyCount "73"]
[EventDate "1995.??.??"]
[EventType "tourn"]
[EventRounds "11"]
[EventCountry "MEX"]
[SourceTitle "EXT 2000"]
[Source "ChessBase"]
[SourceDate "1999.11.16"]
[SourceVersion "1"]
[SourceVersionDate "1999.11.16"]
[SourceQuality "1"]

1. b3 Nf6 2. Bb2 d5 3. e3 Bf5 4. f4 Nc6 5. Nf3 e6 6. Bb5 a6 7. Bxc6+ bxc6 8. Ne5 c5 9. d3 Bd6 10. h3 h6 11. Nd2 0-0 12. 0-0 Bxe5 13. Bxe5 Nd7 14. Bb2 Qh4 15. Qe1 Qxe1 16. Raxe1 Rab8 17. e4 dxe4 18. Nxe4 Nb6 19. Nxc5 Rfc8 20. g4 Bg6 21. Re3 Nd5 22. Rg3 Rb5 23. Ne4 Ne7 24. a4 Rd5 25. Ba3 Re8 26. Nc3 Rd7 27. Bxe7 Rexe7 28. f5 exf5 29. gxf5 Bh5 30. Ne4 Kh7 31. f6 Rxe4 32. Rxg7+ Kh8 33. dxe4 Rd4 34. Rf4 Rd1+ 35. Kh2 Bg6 36. Rxg6 fxg6 37. f7 1-0

[Event "Fide Mercenarios 6th"]
[Site "Mexico City"]
[Date "1995.??.??"]
[Round "3"]
[White "Soto Franco, Carlos"]
[Black "Vargas, E."]
[Result "0-1"]
[WhiteElo "2000"]
[BlackElo "2165"]
[PlyCount "114"]
[EventDate "1995.??.??"]
[EventType "tourn"]
[EventRounds "11"]
[EventCountry "MEX"]
[SourceTitle "EXT 2000"]
[Source "ChessBase"]
[SourceDate "1999.11.16"]
[SourceVersion "1"]
[SourceVersionDate "1999.11.16"]
[SourceQuality "1"]

1. d4 Nf6 2. c4 g6 3. Nc3 d5 4. Nf3 Bg7 5. e3 0-0 6. Qb3 dxc4 7. Bxc4 Nc6 8. Ng5 e6 9. Be2 b6 10. 0-0 Bb7 11. Nf3 Na5 12. Qa3 Nd5 13. Bd2 Nc6 14. Nxd5 Qxd5 15. Rac1 Rfd8 16. Ne1 Qg5 17. Rc2 Bf8 18. Qb3 Rac8 19. Nf3 Qh5 20. Re1 Qf5 21. Rec1 Na5 22. Qb5 Bd5 23. Bxa5 a6 24. Qa4 b5 25. Bxb5 axb5 26. Qxb5 Rb8 27. Qa4 Ra8 28. b4 Bxf3 29. gxf3 Qxf3 30. Qc6 Rd5 31. Bxc7 Rc8 32. Qa6 Rg5+ 33. Kf1 Qh3+ 34. Ke2 Qh5+ 35. Kd2 Bxb4+ 36. Kd3 Rxc7 37. Rxc7 Ra5 38. Rc8+ Kg7 39. Qb6 Ra3+ 40. Kc4 Bd2 41. Qb5 Qe2+ 42. Kc5 Ra5 43. Qxa5 Bxa5 44. Kd6 Qxa2 45. R1c2 Qd5+ 46. Ke7 Bb4+ 47. Ke8 Qd6 48. R2c7 Qf8+ 49. Kd7 Qe7+ 50. Kc6 Qd6+ 51. Kb7 Be1 52. Rc6 Qxh2 53. R8c7 Bxf2 54. Rxe6 Qg2+ 55. Rec6 Bxe3 56. d5 Qxd5 57. Kc8 Bf4 0-1